[Event "FRA-chT poule haute"]
[Site "Belfort"]
[Date "2004.05.10"]
[Round "11"]
[White "Gurevich, Mikhail"]
[Black "Hamdouchi, Hicham"]
[Result "1/2-1/2"]
[WhiteElo "2656"]
[BlackElo "2588"]
[Annotator "Gurevich,M"]
[PlyCount "91"]
[EventDate "2004.05.08"]
[EventType "team"]
[EventRounds "4"]
[EventCountry "FRA"]
[SourceTitle "CBM 101"]
[Source "ChessBase"]
[SourceDate "2004.07.27"]
[SourceVersion "1"]
[SourceVersionDate "2004.07.27"]
[SourceQuality "1"]
[WhiteTeam "Gonfreville"]
[BlackTeam "Montpellier"]
[WhiteTeamCountry "FRA"]
[BlackTeamCountry "FRA"]

1. d4 e6 2. c4 c5 3. d5 exd5 4. cxd5 d6 5. Nc3 g6 6. e4 Bg7 7. Nge2 Nf6 8. Ng3
O-O 9. Be2 Na6 10. O-O Nc7 11. a4 b6 $5 (11... a6 12. f4 Rb8 13. Bf3 h5 14. f5
Nd7 15. Bxh5 gxh5 16. Nxh5 Bd4+ 17. Kh1 f6 18. Ne2 Kf7 19. Nxd4 cxd4 20. Nf4
$40 {1-0 Zvjaginsev,V-Mastrovasilis,A/Istanbul 2003/CBM 96 (33)}) 12. Bg5 h6
13. Be3 Re8 14. Rb1 {TN} (14. Qd2 Kh7 15. f3 Rb8 16. Nh1 a6 17. Rab1 Bb7 18.
Nf2 Qe7 19. Nfd1 Nd7 20. b4 $14 {1-0 Abdulla,A-Paragua,M/Bled 2002/EXT 2003 
(50)}) 14... Ba6 15. b4 $6 (15. f3 $5 Bxe2 (15... Nd7 16. Qd2 Kh7 17. b4 $36)
16. Ngxe2 (16. Qxe2 Nfxd5 17. Nxd5 Nxd5 18. exd5 Rxe3 19. Qxe3 Bd4 $19) 16...
Nd7 17. b4) 15... Ng4 $1 16. Bd2 (16. Bxg4 Bxf1 17. Qxf1 Bxc3 18. bxc5 dxc5 19.
Bxh6 Qh4 20. Qc1 Nxd5 $1 $17) 16... Bxe2 (16... Bxc3 17. Bxc3 Bxe2 18. Qxe2
Nxd5 19. Ba1 Qh4 20. h3 Ngf6 21. Qb2 $36) 17. Ncxe2 h5 $5 18. f3 Ne5 19. bxc5
bxc5 20. Qc2 Qc8 21. Ba5 $1 (21. Nf4 Qa6 22. Bc3 Rab8 23. Nge2 Qc4 $132) 21...
Re7 22. Bc3 h4 23. Nh1 Qa6 (23... h3 24. g3 (24. g4 Nxf3+ 25. Rxf3 Qxg4+ 26.
Rg3 Qxe4 $15) 24... Qa6 25. Bxe5 Bxe5 26. Nf2 $16) 24. Nf2 Qc4 25. Rfc1 $14
Rae8 26. Qd1 Qa6 27. Bd2 $6 (27. f4 Nd7 (27... Nc4 28. Bxg7 Kxg7 29. Nc3 $16)
28. Bxg7 Kxg7 29. Nc3 Nf6 30. Qf3 $16) 27... h3 $1 28. Bg5 (28. Nxh3 Nd3 29.
Rc2 Nxd5 $17) 28... f6 29. Bf4 hxg2 30. Kxg2 f5 $1 $132 31. Ng3 fxe4 32. fxe4
Rf8 33. Bxe5 Bxe5 34. Qc2 Qc8 $1 35. Rf1 Rh7 $40 36. Qe2 Rh4 37. Rb3 (37. h3
Rxf2+ 38. Kxf2 Qxh3 $19) 37... Ne8 $1 38. h3 $2 $138 (38. Rf3 Rxf3 39. Qxf3 Nf6
40. h3 $15) 38... Nf6 (38... Rxf2+ $1 39. Qxf2 (39. Kxf2 Qxh3 40. Rg1 Bd4+ $19)
39... Qxh3+ 40. Kf3 Rf4+) 39. Rf3 Bxg3 $1 40. Kxg3 (40. Rxg3 Nh5 41. Rxg6+ Kh7
42. Rg4 Nf4+ $17) 40... Nh5+ $2 $138 (40... Nxe4+ $1 41. Kg2 (41. Nxe4 Rxh3+
42. Kg2 Qg4+ 43. Ng3 Rxg3+) 41... Rxf3 42. Qxf3 Qf5 $17) 41. Kxh4 Qd8+ 42. Kg4
Qd7+ 43. Kg5 Qe7+ 44. Kg4 $11 (44. Kxg6 $2 Nf6 $1 $19) 44... Qd7+ 45. Kg5 Qe7+
46. Kg4 1/2-1/2

[Event "Budapest zt-B"]
[Site "Budapest"]
[Date "1993.??.??"]
[Round "9"]
[White "Chernin, Alexander"]
[Black "Marin, Mihail"]
[Result "1-0"]
[WhiteElo "2600"]
[BlackElo "2515"]
[Annotator "Hansen,Cu"]
[PlyCount "87"]
[EventDate "1993.03.??"]
[EventType "tourn"]
[EventRounds "11"]
[EventCountry "HUN"]
[EventCategory "9"]
[SourceTitle "CBM 034"]
[Source "ChessBase"]
[SourceDate "1993.06.01"]
[SourceVersion "1"]
[SourceVersionDate "1993.06.01"]
[SourceQuality "1"]

1. d4 {Knaak} Nf6 2. c4 c5 3. d5 d6 4. Nc3 g6 5. e4 Bg7 6. h3 O-O 7. Bd3 e6 8.
Bg5 exd5 9. cxd5 Re8 (9... h6 10. Be3 b5 (10... Re8 11. Nge2 Nbd7 12. Ng3 a6
13. a4 Ne5 14. Be2 Nh7 15. O-O Qh4 $10 {Yermolinsky-Sherzer USA ch 1992}) 11.
Nxb5 Re8 (11... Na6 12. Ne2 Rb8 13. O-O Qd7 14. Nec3 Nb4 15. Be2 Re8 16. a3 a6
17. axb4 cxb4 18. Na4 axb5 19. Nb6 Qd8 20. Nxc8 Qxc8 21. f3 Nh5 $13 {
Gulko-Sherzer USA ch 1992}) 12. Nc3 Nxe4 13. Nxe4 f5 14. Ne2 fxe4 15. Bc2 Ba6
16. O-O $14 {Chernin-Sznapik Budapest zt-B 1993}) (9... Nbd7 10. Nf3 a6 11. a4
Qc7 12. O-O c4 13. Bc2 Re8 14. Re1 Nc5 15. a5 Nfd7 16. Be3 Rb8 17. Bd4 $14 {
Chernin-Polgar,J Buenos Aires 1992}) (9... Qe8 10. Qe2 a6 11. a4 Nbd7 12. Nf3
Ne5 13. O-O Nfd7 14. Nd2 Nxd3 15. Qxd3 Ne5 16. Qg3 f5 $10 {Spassky-Polgar,J
Budapest m 1993}) 10. Nf3 c4 11. Bc2 b5 12. a3 a5 $6 (12... Na6 13. O-O Nc5 14.
Re1 Qb6 15. Qd2 a5 16. e5 $14 {Rogozenko-Marin Bucharest 1993}) (12... Na6 {
Knaak Rogozenko-Marin/Bucharest/1993/CBM 34-VC}) 13. Nxb5 Qb6 14. Qd4 $1 Qxb5 (
14... Qxd4 15. Nfxd4 Nxe4 16. Be3 $16 {><c7,><d6}) 15. Bxf6 Bxf6 16. Qxf6 Nd7 (
16... Qxd5 17. O-O $16) 17. Qd4 {/\18.0-0 +-} (17. Qc3 Qxd5 (17... Nc5 18. Nd2
$16 (18. Nd4 $2 Nxe4 $1)) 18. O-O $14) 17... c3 $8 {עe1} 18. bxc3 Qb2 (18...
Ba6 19. c4 Qxc4 20. Qxc4 Bxc4 21. Kd2 $16) 19. Kd2 Nc5 20. Qxc5 $1 dxc5 21.
Rhb1 Rb8 22. Rxb2 Rxb2 23. Kc1 (23. c4 $6 Rxe4 24. Kc3 Rxc2+ $13) 23... Rb8 24.
c4 $18 Ba6 25. Bd3 Kg7 26. Kc2 f6 27. Kc3 Re7 28. Bc2 Bc8 29. Nd2 {/\f2-f4 +
Sd2-f3 + e4-e5} f5 30. Nb3 fxe4 31. Nxc5 e3 32. d6 Re8 33. d7 Bxd7 34. Nxd7
exf2 35. Rf1 (35. Nxb8 $4 Re1 $19) 35... Rb7 36. Nc5 Rf7 37. Ne4 Rf4 38. Kd4
Rf7 39. c5 (39. Rxf2 $2 Rxe4+ $17) 39... Rd7+ 40. Kc3 Rde7 41. Rxf2 Rxe4 42.
Bxe4 Rxe4 43. Rc2 Kf7 44. c6 (44. c6 Ke7 45. c7 Kd7 46. c8=Q+ Kxc8 47. Kd3+ $18
) 1-0

[Event "Women-Veterans"]
[Site "London"]
[Date "1996.??.??"]
[Round "1"]
[White "Portisch, Lajos"]
[Black "Arakhamia Grant, Ketevan"]
[Result "1-0"]
[WhiteElo "2600"]
[BlackElo "2455"]
[Annotator "Har Zvi,R"]
[PlyCount "73"]
[EventDate "1996.08.15"]
[EventType "schev"]
[EventRounds "5"]
[EventCountry "ENG"]
[SourceTitle "CBM 055"]
[Source "ChessBase"]
[SourceDate "1996.12.01"]
[SourceVersion "1"]
[SourceVersionDate "1996.12.01"]
[SourceQuality "1"]

1. d4 Nf6 2. c4 g6 3. Nc3 Bg7 4. e4 d6 5. f3 O-O 6. Bg5 h6 7. Be3 c5 {there
are very few games with this move because of h6} 8. d5 {this move order is not
supposed to be good for black since after h6 in many lines black will not be
able to use the c1-h6 diagonal,I mean after dxc5 that is way dxc5 now is
better than 6.Be3 c5 7.dxc5 ...} (8. dxc5 dxc5 9. Qxd8 Rxd8 10. Bxc5 Nc6 11.
Nge2 b6 12. Ba3 e6 13. Rd1 Bb7 14. Nb5 Ne8 15. Nc1 $14 {/+/- Salov,V-Kamsky,G
Sanghi Nagar Fide sf2 1995}) 8... e6 9. Qd2 exd5 10. cxd5 h5 {now we have
reached the normal Benoni position from this line} 11. Nge2 Nbd7 12. Nf4 {
the main line is 12.Nc1} Ne5 (12... a6 13. Rc1 Ne5 14. b3 b5 15. Be2 Re8 16.
O-O Bd7 17. Kh1 Qe7 18. Rfe1 h4 19. Nd1 a5 (19... g5 20. Nd3 g4 21. Nxe5 Qxe5
22. Bf4 Qh5 23. Nf2 $16 {Sulipa,A}) 20. Nf2 b4 {Sulipa,A-Renet,O Groningen 
(open) 1991 53/88 [Sulipa,A]} 21. N4h3 $1 a4 22. Bg5 Bxh3 23. Nxh3 Ned7 24. Bb5
$16) 13. Be2 a6 14. a4 b6 (14... Bd7 15. O-O Rb8 16. a5 Qe8 {with the idea Bb5,
Sulipa,A}) (14... Qa5 15. O-O c4 $6 (15... Bd7 16. Rfc1 Rfc8 $1 {with the idea
Be8-Nfd7-c4-Nc5}) 16. Nb1 $1 Qc7 (16... Qxd2 17. Nxd2 g5 18. Nh3 Bxh3 19. gxh3
Nh7 20. Bxc4 $16) 17. Na3 Nfd7 18. Rfc1 Nc5 19. Bd1 (19. Nxc4 $2 Nb3 20. Nb6
Qxb6 $1 $19) 19... f5 {Ionescu,Co-Sorin,A El Vendrell 1992 56/84 [Ionescu,co]}
20. Nxc4 $1 Nxc4 21. Rxc4 Kh7 22. exf5 Bxf5 23. a5 $1 $16) 15. O-O Rb8 (15...
Bd7 16. Nh3 $5 {Nf2-f4} c4 (16... Bxh3 17. gxh3 Qc8 18. f4 Ned7 19. Rac1 $13)
17. f4 (17. Nf2 $2 b5 18. h3 b4 19. Ncd1 a5 20. f4 Nd3 {Varga,Zo}) 17... Neg4
18. Bd4 b5 19. e5 dxe5 20. fxe5 Nh7 21. axb5 Nxe5 $6 (21... axb5 22. Rxa8 Qxa8
23. e6 fxe6 24. dxe6 Rxf1+ 25. Bxf1 Bxe6 26. Bxg7 Kxg7 27. Nxb5 Qa1 28. Nf4 Bf7
29. h3 $10 {Varga,Zo}) 22. bxa6 Re8 (22... Bxh3 23. gxh3 Qc8) 23. Nf2 $16 {
Varga,Zo-Petursson,M Andorra 1991 53/87 [Varga,Zo]}) 16. Kh1 c4 17. Rab1 Nfd7 (
17... b5 18. axb5 axb5 19. b4 $1) 18. Nh3 (18. b4 cxb3 19. Rxb3 Nc5 20. Rbb1 f5
$13) 18... Nc5 19. Nf2 Nb3 (19... b5) 20. Qd1 b5 $2 {quite a simple mistake,
white's combination is not very diffuclt to forecast} 21. axb5 axb5 22. f4 Nd7
23. Nxb5 $1 Rxb5 24. Bxc4 Rb4 25. Bxb3 Ba6 26. Re1 Qb8 27. Bc2 Rxb2 28. e5 $1 {
to original plan of white in this variation} dxe5 29. f5 {white sacrifised his
pawn but gainsed very strong initiative on the king's side} Rxb1 (29... gxf5
30. Qxh5) 30. Bxb1 Qb4 31. fxg6 f5 32. d6 $1 {the threat is Ba2} Bc4 33. Nd3
Qxd6 34. Qxh5 Rf6 (34... Nf6 35. Qxf5) 35. Rc1 Ba6 (35... Bxd3 36. Rc8+ {
with Qh7 mate on the next move}) 36. Nc5 Kf8 37. Rd1 1-0

[Event "Goodricke op 12th"]
[Site "Kolkata"]
[Date "2001.02.11"]
[Round "6"]
[White "Gallagher, Joseph G"]
[Black "Wajih, Nassir"]
[Result "1-0"]
[WhiteElo "2519"]
[BlackElo "2350"]
[Annotator "Hazai,L"]
[PlyCount "87"]
[EventDate "2001.02.06"]
[EventType "swiss"]
[EventRounds "11"]
[EventCountry "IND"]
[SourceTitle "CBM 082"]
[Source "ChessBase"]
[SourceDate "2001.05.17"]
[SourceVersion "1"]
[SourceVersionDate "2001.05.17"]
[SourceQuality "1"]

1. d4 Nf6 2. c4 g6 3. Nc3 Bg7 4. e4 O-O 5. f3 d6 6. Nge2 Nbd7 ({Or} 6... c5 {
immediately and if} 7. d5 {then} e6 8. Ng3 exd5 9. cxd5 {transposing to the
A65 Benoni.}) 7. Bg5 (7. Be3 {can also be met by} c5) 7... c5 8. d5 a6 {
/\ b5 with a Benko Gambit type of position.} 9. a4 {Radically preventing the P
sac b7-b5.} h6 10. Be3 Ne5 11. Ng3 e6 12. Be2 exd5 13. cxd5 {Now we have
reached a Benoni formation again.} Re8 {This is a bit premature.} (13... h5 $1
{is the precise move order, for example:} 14. O-O Nh7 15. Qd2 h4 16. Nh1 f5 17.
Nf2 {is the popular main line these days with a complex middlegame position.}
Re8 {- Gulko-J.Polgar, Yerevan ol 1996 CBM}) 14. O-O h5 15. Qd2 (15. Nh1 Nh7
16. Nf2 f5 17. Qd2 h4 {transposes to the main lines again.} (17... g5 18. exf5
Bxf5 19. Rae1 Nf7 20. Nce4 h4 21. b4 cxb4 22. Qxb4 Qd7 23. Bd4 Bxd4 24. Qxd4
$14 {Gavrikov-Yurtaev, SU 1983 36/114})) (15. h3 Rb8 (15... Qc7 16. f4 Ned7 {
If the N has to retreat to d7, Black is usually in a big trouble.} 17. Bf3 Rb8
18. Rc1 {/\ b4} b5 19. axb5 axb5 20. b4 c4 21. Bd4 $16 {successfully
blockading the <<, Rabinovich-Deutsch, Tel Aviv 1995.}) 16. Qd2 {- 15.Qd2})
15... Rb8 $6 {This is again too slow.} (15... Nh7 {- A65 Pelletier-Gallagher,
BL 1999 CBM 74}) (15... Bd7 16. Nh1 {This is a typical idea improving the N's
position.} Rb8 17. Rfb1 Qa5 18. Nf2 Qb4 19. Qc2 Nh7 20. Bd2 Nc4 21. Be1 Ne3 22.
Qc1 Qd4 23. Ra3 f5 24. Na2 $16 {and suddenly Black's Q is in a big danger,
Bischoff-Moss, Hastings 1998.}) (15... h4 16. Nh1 Nh5 17. Nf2 f5 18. Bg5 Bf6
19. Bxf6 Qxf6 20. f4 Ng4 21. Bxg4 fxg4 22. e5 $1 {This is the typical central
breakthrough here!} dxe5 23. fxe5 Rxe5 24. Nxg4 $18 {Vyzmanavin-Enhbat,
Cheliabinsk 1990}) 16. h3 Ned7 {Soon or later the N has to abandon his strong
centralized position.} (16... Nh7 {is met by the standard} 17. f4 Nd7 18. e5 $1
dxe5 19. f5 $1 {This is one of the main ideas solving the central problems in
the Benoni.} b5 (19... Nhf6 20. fxg6 fxg6 21. d6 Kh7 22. Nge4 Qa5 23. Qc2 $16 {
Ibragimov-Praznik, Bled op 1996}) 20. axb5 axb5 21. fxg6 fxg6 22. Nge4 $40 {
Czerwonski-Sznapik, Czestochowa 1992}) (16... b6 17. Rab1 $14) 17. Nh1 $1 {
This manoeuvre improves the N's position, on g3 he was not well placed.} Qc7 (
17... b6 18. Nf2 Qe7 19. Rab1 $14 {/\ b4}) 18. b3 Nf8 $6 {The N is really ugly
here.} (18... b6 19. Rab1 $14) 19. Nf2 Bd7 20. a5 {This allows the freeing
move b5.} (20. Rfc1 $1 {was the best prophylaxys on the << :} b5 21. axb5 axb5
22. b4 $16) 20... b5 21. axb6 Rxb6 22. Bc4 (22. Rxa6 Rxb3 23. Bf4 Rb6 24. Rxb6
Qxb6 25. Rb1 Qc7 26. Nb5 $14 {and >< d6 remains weak.}) 22... Bb5 {Now the
black pieces begin to run out of passivity.} 23. Nd3 (23. Nxb5 axb5 24. Be2
N6d7 $13) 23... Bxc4 24. bxc4 N6d7 25. Ra3 Ne5 (25... Reb8 $5 26. f4 Rb4) 26.
Nxe5 Bxe5 27. f4 $6 {White sacrifices a P for getting the long /^.} Bxc3 (27...
Bg7 28. e5 dxe5 29. Na4 (29. f5 e4) 29... Rb4 30. Nxc5 Rxc4 31. d6) 28. Rxc3
Rxe4 29. f5 Qb8 {The Q is completely out of play here.} (29... Qe7 $1 {was
required, and White has to show something real for the sacrificed P.}) 30. Bh6
Rb2 31. Qg5 Nh7 32. Qc1 h4 $2 (32... Ree2 {was the last chance for a fight,
for example:} 33. Rg3 Qb3 $1 34. fxg6 Qxg3 35. gxf7+ Kh8 36. f8=Q+ Nxf8 37.
Rxf8+ Kh7 38. Rf7+ $11 {and there is no more than perpetual check.}) 33. fxg6
fxg6 34. Re3 {Now White has nasty threats on the long /^.} Re2 35. Qc3 Qb7 36.
Ref3 (36. Rxe2 Rxe2 37. Qd3 $18 {was also tempting.}) 36... Re5 37. Qd3 R5e4
38. Qc3 Re5 39. Bf4 $18 Re8 40. Bxd6 {winning back the material with a winning
position.} Qb2 41. Qxb2 Rxb2 42. Bxc5 Rc8 43. Bd4 Rb4 44. Rf7 1-0

[Event "EU-chT (Men) 11th"]
[Site "Pula"]
[Date "1997.05.??"]
[Round "1.4"]
[White "Haba, Petr"]
[Black "Santos, Carlos Pereira Dos"]
[Result "1-0"]
[WhiteElo "2520"]
[BlackElo "2340"]
[Annotator "Hazai,L"]
[PlyCount "75"]
[EventDate "1997.05.05"]
[EventType "team-swiss"]
[EventRounds "9"]
[EventCountry "CRO"]
[SourceTitle "CBM 057 Extra"]
[Source "ChessBase"]
[SourceDate "1997.05.01"]
[SourceVersion "1"]
[SourceVersionDate "1997.05.01"]
[SourceQuality "1"]
[WhiteTeam "Czech Republic"]
[BlackTeam "Portugal"]
[WhiteTeamCountry "CZE"]
[BlackTeamCountry "POR"]

1. d4 Nf6 2. c4 g6 3. Nc3 Bg7 4. e4 d6 5. f3 O-O 6. Be3 Nbd7 (6... c5 7. Nge2
Nc6 8. d5 Ne5 {is an other possibility to reach the game position, but 7.dxc5
is not tasty for everybody.}) 7. Nge2 c5 8. d5 (8. Qd2 {is recommended by
theory nowadays.}) 8... Ne5 9. Ng3 e6 10. Be2 exd5 11. cxd5 a6 (11... h5 $5)
12. O-O (12. a4 {is played more frequently. The game continuation is not
fighting against b7-b5 immediately. White delays the fight on the queenside
for a while preparing the weakening a2-a4.}) 12... b5 13. Qd2 Re8 {against Bh6}
14. b3 Bb7 $6 {The B is badly placed here.} (14... h5 $5) 15. Rac1 Rc8 16. a4 (
16. h3 {/\ f4} h5 17. f4 {is an early breakthrough in the centre} Ned7 {>< e4}
18. e5 (18. Bf3 b4 {/\ h4}) 18... dxe5 19. f5 (19. fxe5 Rxe5) 19... b4 20. Nce4
h4) 16... bxa4 $1 (16... b4 $6 17. Nd1 {>< c4}) 17. Nxa4 Rb8 18. h3 Bc8 19. f4
$6 {is again an unprepared push in the centre.} (19. Qc2 $14) 19... Ned7 20. e5
{[#]} Rxb3 $1 {A bold from the blue! White has overlooked this tactical
possibility.} (20... dxe5 $6 21. f5 $1 e4 22. Bc4 $44) 21. exf6 Rbxe3 22. fxg7
Qh4 $1 (22... Rxg3 23. Bf3 {Now the rook is trapped.} Qh4 (23... Nf6 24. Qf2)
24. Nc3 $1 (24. Rce1 Rxe1 25. Rxe1 Rxf3 26. Re8+ Kxg7 27. gxf3 Qg3+ 28. Qg2
Qxf4) 24... Nf6 25. Ne2) 23. Qe1 Qxg3 (23... Rxg3 $2 24. Rf3 $1) 24. Qxg3 Rxg3
25. Bf3 {White's only chance is the trapped R on g3.} Nf6 26. Rfe1 (26. Kh2
Rxf3 27. Rxf3 Nxd5 $17) 26... g5 (26... Rxe1+ 27. Rxe1 Kxg7 28. Kf2 Rxf3+ 29.
Kxf3 Bb7 $15) 27. Nb6 Bf5 28. Nc4 Ne4 $4 {This is a serious blunder because of
the pin on the e line.} (28... Rxe1+ $1 29. Rxe1 gxf4 30. Nxd6 Bxh3 {was
simple and good!}) 29. fxg5 (29. Bxe4 $2 Rxe4 30. Nxd6 Rxf4) 29... Rxg5 30. Re3
$2 (30. Ra1 $1 Nf6 31. Rxe8+ Nxe8 32. Rxa6 $16) 30... Re7 $4 {This blunder is
decisive already.} (30... Nf6 $1 31. Rxe8+ Nxe8 32. Re1 Bd7 33. Re7 Bb5) 31.
Nxd6 $1 $18 Nxd6 32. Rxe7 Kxg7 33. h4 Rg6 34. Rxc5 Bg4 35. h5 Rg5 36. Bxg4 Rxg4
37. Rc6 Nf5 38. Re5 1-0

[Event "EU-Cup 13th Group2"]
[Site "Eupen"]
[Date "1997.09.24"]
[Round "3"]
[White "Lewis, Andrew P"]
[Black "Ehlvest, Jaan"]
[Result "0-1"]
[WhiteElo "2320"]
[BlackElo "2610"]
[Annotator "Hazai,L"]
[PlyCount "88"]
[EventDate "1997.09.22"]
[EventType "team-k.o."]
[EventRounds "3"]
[EventCountry "BEL"]
[SourceTitle "EXT 2020"]
[Source "ChessBase"]
[SourceDate "2019.10.17"]
[SourceVersion "1"]
[SourceVersionDate "2019.10.17"]
[SourceQuality "1"]
[WhiteTeam "London Barbican"]
[BlackTeam "Liepaja Baltika"]
[WhiteTeamCountry "ENG"]
[BlackTeamCountry "LAT"]

1. c4 g6 2. Nc3 Bg7 3. d4 d6 4. e4 Nf6 5. f3 O-O 6. Nge2 c5 (6... e5 7. Bg5 $1
c6 8. Qd2 Nbd7 9. d5 $14) (6... c6 $5 7. Be3 e5) 7. d5 e6 8. Ng3 exd5 9. cxd5
a6 10. a4 h5 (10... Nbd7 $5 11. Be2 h5) 11. Bg5 (11. Be2 Nbd7 12. O-O Nh7 13.
Be3 Re8 (13... Ne5) 14. Qd2 f5 15. Rad1 h4 16. Nh1 Ne5 17. Nf2 Bd7 (17... b6 $5
) 18. exf5 Bxf5 19. g4 hxg3 20. hxg3 Nf6 21. Kg2 Bd7 22. Bh6 Nf7 23. Bxg7 Kxg7
24. Rh1 Qe7 25. a5 Rh8 $10 {Ward-Peng Xiaomin, China-England 1997}) 11... Qa5
$5 12. Be2 Nbd7 (12... Nh7 13. Bd2 Qd8 14. Be3 (14. O-O $4 Bd4+ 15. Kh1 h4 $19)
14... Nd7 15. O-O Ne5 16. Qd2 h4 17. Nh1 f5 18. Nf2 {leads to the main line
with funny transpositions, compare to 11.Be2.}) (12... Re8 13. O-O Nh7 14. Be3
Nd7 (14... Bxc3 $6 15. bxc3 Qxc3 16. Qc1 $1 {Suddenly White goes for the
exchange of Q while he is a P down. The idea is that Black can hardly finish
the development of his << because of the pressure on the b <->.} Qxc1 17. Rfxc1
Nd7 18. Bf4 Ne5 19. Rcb1 f6 20. Rb6 Rd8 21. Bxe5 $1 fxe5 22. Nf1 $16 {
Adorjan-Sznapik, Banja Luka 1983}) 15. Qd2 $13) 13. O-O Nh7 14. Be3 (14. Bd2)
14... Re8 (14... Bxc3 15. bxc3 Qxc3 {looks a bit better, than the Adorjan game.
}) 15. Nh1 (15. Qd2 $5) 15... Ne5 16. Nf2 Qb4 17. Bd2 {It is not easy to
capture the Q:} (17. a5 Bd7 (17... Qxb2 18. Na4 Qb4 19. Nb6 Rb8 20. Bd2 Qd4 21.
Qc1 $44)) (17. Ra3 Nc4 18. Bxc4 Qxc4 19. a5 (19. Bf4 Bf8 20. Rb3) 19... Bd7)
17... Qd4 18. a5 Bd7 19. Ra3 Rab8 (19... Nc4 20. Bxc4 Qxc4 21. Bf4 (21. Rb3 Bb5
)) 20. Rb3 $2 {but suddenly} (20. Qc1 Nc4 (20... b5 $2 21. Be3 Qb4 22. Na2 $18)
21. Bxc4 Qxc4 22. Bf4 Be5 (22... Bf8 23. Re1) 23. Bxe5 Rxe5 24. f4) 20... b5 $1
{comes with a great effect.} 21. axb6 c4 $1 22. Ra3 Qxb6 23. Ra2 Bb5 24. Qc1
Nf6 25. Be3 Qc7 26. Nxb5 $2 {To give away this N against the seemingly bad B
is a grave error.} (26. Qd2) 26... axb5 27. b4 {Usually this blocvkade
strategy is good for White. In this case Black's invasion on the << is
irresistible.} Ra8 28. Qc2 Ned7 $1 {/\ Nb6-a4} 29. Bc1 Nb6 30. Nd1 Rxa2 31.
Qxa2 Na4 {White cannot blockade the vital c3 square.} 32. Qc2 Nd7 33. Bd2 $2 {
overlooking Black's next move.} f5 $1 $19 {Now Black dominates all over the
board.} 34. Nc3 Nxc3 35. Bxc3 Bxc3 36. Qxc3 fxe4 37. fxe4 Qa7+ $1 (37... Rxe4
$143 38. Qg3 Nf8 39. Bxh5) 38. Kh1 Ne5 39. Qg3 Rf8 40. Bf3 Qe3 41. h3 Kg7 42.
Kh2 Ra8 43. Qh4 g5 44. Qg3 h4 0-1

[Event "SVK-CRO"]
[Site "Piestany"]
[Date "1996.??.??"]
[Round "?"]
[White "Lalic, Bogdan"]
[Black "Timoscenko, Gennadij A"]
[Result "1/2-1/2"]
[WhiteElo "2575"]
[BlackElo "2530"]
[Annotator "Hazai,L"]
[PlyCount "35"]
[EventDate "1996.??.??"]
[EventType "team"]
[EventRounds "2"]
[EventCountry "SVK"]
[SourceTitle "CBM 053"]
[Source "ChessBase"]
[SourceDate "1996.08.01"]
[SourceVersion "1"]
[SourceVersionDate "1996.08.01"]
[SourceQuality "1"]

1. d4 Nf6 2. c4 g6 3. Nc3 Bg7 4. e4 d6 5. f3 O-O 6. Be3 c5 7. Nge2 Nc6 8. d5
Ne5 9. Ng3 e6 10. Be2 exd5 11. cxd5 a6 12. a4 Bd7 13. O-O b5 14. h3 Rb8 $1 15.
axb5 (15. Qd2 Ne8 $1 $13) (15. Rf2 Ne8 $1 16. Qd2 Nc4 17. Bxc4 bxc4 18. Kh2 f5
19. exf5 Bxf5 20. Nxf5 Rxf5 21. g4 Rf7 22. Rc1 Nf6 $13 {Vyzmanavin-Hebden,
Cappelle la Grande 1992}) (15. f4 Nc4 16. Bxc4 bxc4 $10) (15. b3 Ne8 $1 16. Rc1
bxa4 $5 17. f4 (17. bxa4 Rb4 18. Bxa6 Qa5 19. Bb5 Bxb5 20. axb5 Nc7 21. Kh1
Nxb5 22. Nxb5 Qxb5 $17 {Reilly-Nunn, Islington 1990}) 17... axb3 18. fxe5 Bxe5
$44) 15... Bxb5 $1 16. Nxb5 axb5 17. b3 Ned7 18. Ra6 (18. Ra6 Ne8 $13) 1/2-1/2